000 00362nam a22001577a 4500
003 SGT
082 _a610.7362
_bP24D
100 _aDATTA, PARUL
245 _aPEDIATRIC NURSING PROCEDURES
250 _a1ST
260 _aINDIA
_bJAYPEE PUB
_c2024
300 _a214
650 _aPEDIATRIC NURSING
653 _aPEDIATRIC NURSING PROCEDURES
942 _2ddc
_cBK
999 _c27500
_d27500